Top 10 NBA Power Forwards 2025 - Statistics

General Stats
  • This quiz has been taken 421 times
  • The average score is 7 of 10
Answer Stats
# Answer % Correct
1 Giannis Antetokounmpo
92%
3 Jayson Tatum
92%
2 LeBron James
89%
4 Kevin Durant
78%
5 Kawhi Leonard
67%
9 Karl-Anthony Towns
64%
10 Evan Mobley
62%
8 Pascal Siakam
61%
6 Paolo Banchero
60%
7 Zion Williamson
54%
No matching quizzes found
Score Distribution
Percent of People with Each Score
Percentile by Number Answered
Your Score History
You have not taken this quiz